| 000 | 01167nam0a2200301 4500 | ||
|---|---|---|---|
| 001 | RU\NLR\BIBL_A\022685941 | ||
| 005 | 20260406120718.0 | ||
| 035 | _a(NLR Aleph) 022685941 | ||
| 090 |
_a13503607 _c13503607 |
||
| 100 | _a20251211d1955 a y0rusy50 ca | ||
| 101 | 0 |
_atyv _crus |
|
| 102 | _aRU | ||
| 105 | _aa z 000 y | ||
| 181 | 0 |
_ai _baxxe |
|
| 182 | 0 | _an | |
| 200 | 1 |
_aКалбак-кара кадыны _fА. С. Пушкин _gПеревели А. Делгер-оол, М. Хомушку |
|
| 203 |
_aТекст _bвизуальный _cнепосредственный |
||
| 210 |
_aКызыл _cТываның ном үндүрер чери _d1955 |
||
| 215 |
_a55, [1] с. _cил. _d20 |
||
| 541 | 1 |
_aПиковая дама _zrus |
|
| 686 | 1 | _aШ6(2=Ту)-91Р7-5 | |
| 700 | 1 |
_4070 _8rus _7ca _aПушкин _bА. С. _cпоэт _f1799-1837 _gАлександр Сергеевич _3RU\NLR\auth\77386 _9110441 |
|
| 702 | 1 |
_4730 _8rus _7ca _aДелгер-оол _bА. К. _gАлексей Канчыырович _3RU\NLR\AUTH\77113059 _995984 |
|
| 702 | 1 |
_aХомушку _bМ. _4730 |
|
| 852 |
_aNLR _bОНЛ _jТув./2-307 |
||
| 942 | _cBOOK | ||
| 980 | _aNB | ||